<?xml version="1.0" encoding="UTF-8"?><?xml-stylesheet type="text/xsl" href="static/style.xsl"?><OAI-PMH xmlns="http://www.openarchives.org/OAI/2.0/" xmlns:xsi="http://www.w3.org/2001/XMLSchema-instance" xsi:schemaLocation="http://www.openarchives.org/OAI/2.0/ http://www.openarchives.org/OAI/2.0/OAI-PMH.xsd"><responseDate>2026-06-29T02:27:47Z</responseDate><request verb="GetRecord" identifier="oai:docta.ucm.es:20.500.14352/115359" metadataPrefix="marc">https://docta.ucm.es/rest/oai/request</request><GetRecord><record><header><identifier>oai:docta.ucm.es:20.500.14352/115359</identifier><datestamp>2025-03-18T13:23:43Z</datestamp><setSpec>com_20.500.14352_14</setSpec><setSpec>col_20.500.14352_15</setSpec></header><metadata><record xmlns="http://www.loc.gov/MARC21/slim" xmlns:dcterms="http://purl.org/dc/terms/" xmlns:xsi="http://www.w3.org/2001/XMLSchema-instance" xmlns:doc="http://www.lyncode.com/xoai" xsi:schemaLocation="http://www.loc.gov/MARC21/slim http://www.loc.gov/standards/marcxml/schema/MARC21slim.xsd">
   <leader>00925njm 22002777a 4500</leader>
   <datafield ind2=" " ind1=" " tag="042">
      <subfield code="a">dc</subfield>
   </datafield>
   <datafield ind2=" " ind1=" " tag="720">
      <subfield code="a">Clavijo Suntura, Joel Harry</subfield>
      <subfield code="e">author</subfield>
   </datafield>
   <datafield ind2=" " ind1=" " tag="260">
      <subfield code="c">2022-12-01</subfield>
   </datafield>
   <datafield ind2=" " ind1=" " tag="520">
      <subfield code="a">El presente trabajo se encuentra orientado a realizar un estudio sobre el interés del menor en la reagrupación familiar. En ese marco, en la primera parte se realiza una exploración sobre el tema. Luego de ello, se analiza el factor migratorio y su relación con la reagrupación familiar. Posteriormente, se estudia la reagrupación familiar en la legislación. En cuanto al interés del menor, se analiza la unidad y la separación de los hijos. Asimismo, se estudia la preponderancia del factor económico frente al factor emocional en la aplicación de esta figura jurídica. Por su parte, se analiza la integración del menor en el país de acogida, para terminar con una serie de conclusiones y propuestas en función del tema estudiado. En lo que respecta a la metodología se ha recurrido a los métodos analítico, interpretativo y comparativo.</subfield>
   </datafield>
   <datafield ind1="8" ind2=" " tag="024">
      <subfield code="a">Clavijo Suntura, J. H. El interés del menor en la reagrupación familiar, Actualidad Jurídica Iberoamericana, Nº 17 bis, diciembre 2022, pp 1154-1175</subfield>
   </datafield>
   <datafield ind1="8" ind2=" " tag="024">
      <subfield code="a">2386-4567</subfield>
   </datafield>
   <datafield ind1="8" ind2=" " tag="024">
      <subfield code="a">https://hdl.handle.net/20.500.14352/115359</subfield>
   </datafield>
   <datafield ind1="8" ind2=" " tag="024">
      <subfield code="a">https://revista-aji.com/wp-content/uploads/2023/01/41.-Joel-Harry-Clavijo-pp.-1154-1175.pdf</subfield>
   </datafield>
   <datafield ind2="0" ind1="0" tag="245">
      <subfield code="a">El interés del menor en la reagrupación familiar</subfield>
   </datafield>
</record></metadata></record></GetRecord></OAI-PMH>